000 00581cam a2200229 4500
008 090401t1985 xxu||||| |||| 00| 0 eng d
020 _a0946700192
035 _a(Sirsi) u34201
041 _aeng
050 _a333.33
100 _aUpson, Alan
245 _aSite finding and investigation
260 _aLondon
_bHenry Stewart Publications
_c1985
300 _a49p. ; 22cm.
350 _a8
490 _aHenry Stewart Briefings for Surveyors
_v6
650 _aHOUSING LAND
650 _aLAND SALES
650 _aSITE INVESTIGATION
942 _n0
948 _c04/03/1997
999 _c89919
_d89919